Statistics for Popular Rock Bands from A-Z

Click here to take the quiz!

General Stats

  • This quiz has been taken 119 times
    (117 since last reset)
  • The average score is 18 of 25

Answer Stats

SongLetterBand% Correct
Bohemian RhapsodyQQueen
100%
Smells Like Teen SpiritNNirvana
96%
Hey JudeBThe Beatles
96%
Stairway to HeavenLLed Zeppelin
92%
Beat itMMichael Jackson
91%
Sweet Child O MineGGuns N' Roses
89%
Dream OnAAerosmith
87%
(I Can't Get No) SatisfactionRRolling Stones
86%
JumpVVan Halen
82%
With Or Without YouUU2
79%
London CallingCThe Clash
76%
Hound DogEElvis Presley
73%
Purple HazeJJimi Hendrix
72%
Crazy TrainOOzzy Osbourne
72%
Money For NothingDDire Straits
66%
Baba O'RileyWThe Who
66%
Detroit Rock CityKKISS
63%
La GrangeZZZ Top
63%
DreamsFFleetwood Mac
62%
When Doves CryPPrince
61%
Psycho KillerTTalking Heads
52%
Owner of a Lonely HeartYYes
51%
Need You TonightIINXS
43%
Crazy On YouHHeart
41%
No One Like YouSScorpions
33%

Score Distribution

Percentile by Number Answered

Percent of People with Each Score

Your Score History

You have not taken this quiz since the last reset